| 000 | 00885cam a22002891 4500 | ||
|---|---|---|---|
| 999 |
_c18137 _d18137 |
||
| 001 | 8880210 | ||
| 005 | 20161202155023.0 | ||
| 008 | 750811s1958 nyua b 000 0 eng | ||
| 010 | _a 58007196 | ||
| 015 | _aGB58-10306 | ||
| 035 | _a(OCoLC)1534447 | ||
| 040 |
_aDLC _cFM _dOCoLC _dUk _dDLC |
||
| 042 | _apremarc | ||
| 050 | 0 | 0 |
_aNA4125.R2 1958 _b.R2 |
| 100 | 1 | _aRaafat, Aly Ahmed. | |
| 245 | 1 | 0 | _aReinforced concrete in architecture. |
| 260 |
_aNew York, _bReinhold _c[1958] |
||
| 300 |
_a240 p. _billus. _c27 cm. |
||
| 504 | _aIncludes bibliography. | ||
| 650 | 0 | _aReinforced concrete construction. | |
| 650 | 0 |
_aArchitecture, Modern _y20th century. |
|
| 906 |
_a7 _bcbc _coclcrpl _du _encip _f19 _gy-gencatlg |
||
| 942 |
_2lcc _cBOOKS _hNA4125.R2 1958 |
||